Biggest cities in the Oklahoma city Area - Statistics

General Stats
  • This quiz has been taken 22 times
  • The average score is 12 of 30
Answer Stats
Hint Answer % Correct
128,100 Norman
100%
687,720 Oklahoma City
100%
63,460 Moore
73%
95,340 Edmond
67%
21,600 Del City
53%
58,150 Midwest City
53%
9,480 The Village
53%
24,620 Yukon
53%
17,770 El Reno
47%
21,040 Mustang
47%
12,220 Choctaw
40%
11,030 Guthrie
40%
2,940 Jones
40%
7,880 Piedmont
40%
3,930 Spencer
40%
20,510 Bethany
33%
9,230 Blanchard
33%
12,200 Newcastle
33%
3,850 Nichols Hills
33%
2,300 Nicoma Park
33%
10,450 Warr Acres
33%
6,350 Harrah
27%
7,400 Noble
27%
6,600 Purcell
27%
7,740 Tuttle
27%
15,790 Chickasha
20%
4,230 Slaughterville
20%
2,890 Chandler
13%
2,750 Stroud
13%
2,368 Prague
7%
No matching quizzes found
Score Distribution
Percent of People with Each Score
Percentile by Number Answered
Your Score History
You have not taken this quiz